000 00359nam a2200133Ia 4500
008 240624s9999 xx 000 0 und d
041 _aeng
082 _a332.6327 PRI
100 _aPRIYA S
245 _aBEHAVIOUR OF MUTUAL FUND INVESTORS
260 _c2013
_aNew Delhi
_bDiscovery Publishing House Pvt.Ltd
300 _a189 : p. : cm. ; 24
365 _cRS
_b28
999 _c22493
_d22493